DATA ABSTRACTION AND PROBLEM SOLVING WITH C++ (Record no. 216546)

MARC details
000 -LEADER
fixed length control field 00567nam a22001817a 4500
008 - FIXED-LENGTH DATA ELEMENTS--GENERAL INFORMATION
fixed length control field 260205b |||||||| |||| 00| 0 eng d
020 ## - INTERNATIONAL STANDARD BOOK NUMBER
International Standard Book Number 978-0-1344-6397-1
100 ## - MAIN ENTRY--PERSONAL NAME
Personal name CARRANO, FRANK M.
245 ## - TITLE STATEMENT
Title DATA ABSTRACTION AND PROBLEM SOLVING WITH C++
Remainder of title WALLS AND MIRRORS
250 ## - EDITION STATEMENT
Edition statement 7TH ED
260 ## - PUBLICATION, DISTRIBUTION, ETC.
Place of publication, distribution, etc. NEW JERSEY
Name of publisher, distributor, etc. PEARSON EDUCATION
Date of publication, distribution, etc. 2017
300 ## - PHYSICAL DESCRIPTION
Extent XXIV, 839P.
500 ## - GENERAL NOTE
General note INCLUDES INDEX
650 ## - SUBJECT ADDED ENTRY
Topical term or geographic name entry element 1. C++(COMPUTER PROGRAM LANGUAGE) 2. PROBLEM SOLVING - DATA PROCESSING
700 ## - ADDED ENTRY--PERSONAL NAME
Personal name HENRY, TIMOTHY M.
942 ## - ADDED ENTRY ELEMENTS (KOHA)
Source of classification or shelving scheme Library of Congress Classification
Koha item type Long Loan Book
Holdings
Withdrawn status Lost status Source of classification or shelving scheme Damaged status Not for loan Collection Home library Current library Shelving location Date acquired Inventory number Total checkouts Full call number Barcode Date last seen Copy number Price effective from Koha item type
    Library of Congress Classification     Science & Technology Kisii University Library Kisii University Library On Display 02/05/2026 111758   QA 76.73 .C153C37 2017 50863 02/05/2026 1 02/05/2026 Long Loan Book
    Library of Congress Classification     Science & Technology Kisii University Library Kisii University Library On Display 02/05/2026 111759   QA 76.73 .C153C37 2017 50857 02/05/2026 2 02/05/2026 Long Loan Book
    Library of Congress Classification     Science & Technology Kisii University Library Kisii University Library On Display 02/05/2026 111760   QA 76.73 .C153C37 2017 50855 02/05/2026 3 02/05/2026 Long Loan Book
    Library of Congress Classification     Science & Technology Kisii University Library Kisii University Library On Display 02/05/2026 111761   QA 76.73 .C153C37 2017 50853 02/05/2026 4 02/05/2026 Long Loan Book
    Library of Congress Classification     Science & Technology Kisii University Library Kisii University Library On Display 02/05/2026 111762   QA 76.73 .C153C37 2017 50851 02/05/2026 5 02/05/2026 Long Loan Book